Euclid aru geometry (Record no. 5797)

MARC details
000 -LEADER
fixed length control field 00488cam a2200205ua 4500
001 - CONTROL NUMBER
control field 6653
005 - DATE AND TIME OF LATEST TRANSACTION
control field 20260515114101.0
008 - FIXED-LENGTH DATA ELEMENTS--GENERAL INFORMATION
fixed length control field 170320n ii |||gr||||Z||||||asm
040 ## - CATALOGING SOURCE
Transcribing agency MAIN
041 ## - LANGUAGE CODE
Language code of text/sound track or separate title asm
082 ## - DEWEY DECIMAL CLASSIFICATION NUMBER
Classification number 516
245 ## - TITLE STATEMENT
Title Euclid aru geometry
Statement of responsibility, etc. By Dilip sarma
250 ## - EDITION STATEMENT
Edition statement 1st ed.
260 ## - PUBLICATION, DISTRIBUTION, ETC.
Place of publication, distribution, etc. Guwahati:
Name of publisher, distributor, etc. Publication board Assam,
Date of publication, distribution, etc. 1993.
300 ## - PHYSICAL DESCRIPTION
Extent x,50p.
653 ## - INDEX TERM--UNCONTROLLED
Uncontrolled term Geometry
653 ## - INDEX TERM--UNCONTROLLED
Uncontrolled term Euclid aru geometry
700 ## - ADDED ENTRY--PERSONAL NAME
Personal name Sarma,Dilip,
Relator term Author.,
942 ## - ADDED ENTRY ELEMENTS (KOHA)
Koha item type Books
Holdings
Withdrawn status Lost status Damaged status Not for loan Home library Current library Shelving location Date acquired Total checkouts Full call number Barcode Date last seen Copy number Price effective from Koha item type
        Naharkatiya College Library Naharkatiya College Library General stacks 09/19/2020   516 | SAR 15490 09/19/2020 2 09/19/2020 Books
        Naharkatiya College Library Naharkatiya College Library General stacks 09/19/2020   516 | SAR 18920 09/19/2020 1 09/19/2020 Books